| 000 | 01111nam a22003257a 4500 | ||
|---|---|---|---|
| 005 | 20150916152304.0 | ||
| 010 | _aENG-113869 | ||
| 020 |
_a9789322008222 _c295.00 |
||
| 035 | _aEN-97401 | ||
| 037 | _bDBAD/PUB | ||
| 082 | _a364.106 | ||
| 100 | _aKumar, B. V. | ||
| 245 |
_aThe darker side of black money : _cby B.V. Kumar _ban insight into the world of financial secrecy and tax havens / |
||
| 246 | _aBlack money | ||
| 250 | _a2nd rev.ed | ||
| 260 |
_aNew Delhi _bKonark Publishers _c2013 |
||
| 270 |
_a206, First Floor, Pocket Lane, Shahpur Jat _bNew Delhi _e110049 |
||
| 300 |
_axvi,350p. _c21cm(pbk) |
||
| 520 | _a Chiefly on Bank of Credit and Commerce International, a failed bank. | ||
| 610 |
_aBank of Credit and Commerce International _xCorrupt practices. |
||
| 650 |
_aInternational finance _xCorrupt practices. |
||
| 650 | _aMoney laundering. | ||
| 650 | _a Bank failures. | ||
| 650 | _a Organized crime. | ||
| 650 | _aCommercial crimes. | ||
| 650 | _a Terrorism. | ||
| 650 | _a Tax havens. | ||
| 650 | _a Tax evasion. | ||
| 942 |
_2ddc _cEN _mKUM _h364.106 |
||
| 999 |
_c96157 _d96157 |
||